000 00805nam a2200289 a 4500
001 000107966
003 CHAP
005 20220329143951.0
008 131124s2011 dcua |r| ||||||eng d
010 _a104428
011 _a105400
020 _a9781555816216
040 _cCHAP
082 0 4 _a576.11
_bS8 2011
245 0 0 _aBacterial stress responses :
_beditado por Gisela Storz and Regine Hengee-Aronis.
250 _a2 ed.
260 _aWashington, D.C. :
_bAmerican Society for Microbiology,
_c2011.
300 _axi, 506 p.
590 _aE11695DGD
_b10
_c20131124
_lUCH01
_h1142
650 1 4 _aAdaptación.
_9878
650 1 4 _aBacterias.
_99318
700 0 _aHengge - Aronis, Regine
_eed.
_953597
700 0 _aStorz, Gisela
_eed.
_9109918
901 _aBK
942 _cLIBRO
942 _n0
999 _c104428
_d104428